[Event "Titled Tuesday intern op 16th Jan Early"]
[Site "Chess.com INT"]
[Date "2024.01.16"]
[Round "7"]
[White "Cadavid, Juan Miguel"]
[Black "Iljin, Timofey"]
[Result "1-0"]
[WhiteElo "1931"]
[BlackElo "2285"]
[PlyCount "95"]
[EventDate "2024.01.16"]
[EventType "swiss (blitz)"]
[EventRounds "11"]
[EventCountry "USA"]
[SourceTitle "CB04_2024"]
[SourceDate "2023.10.16"]
[SourceVersion "1"]
[SourceVersionDate "2023.10.16"]
[SourceQuality "1"]

1. d4 f5 2. e4 fxe4 3. Nc3 Nf6 4. Bg5 g6 5. f3 e3 6. Bxe3 Bg7 7. Qd2 d6 8. 0-0-0 0-0 9. Bh6 Nc6 10. Nge2 e5 11. Bxg7 Kxg7 12. dxe5 dxe5 13. Qxd8 Rxd8 14. Rxd8 Nxd8 15. Ng3 Be6 16. Be2 Nc6 17. Rd1 Nd4 18. Bd3 c6 19. Nce4 Nd5 20. Nc5 Bc8 21. Re1 b6 22. Nb3 Nf4 23. Nxd4 exd4 24. Re7+ Kf6 25. Rxh7 Nxg2 26. Ne4+ Ke5 27. Re7+ Kf4 28. Rf7+ Ke3 29. Nd6 Bh3 30. Bxg6 Rg8 31. Be4 Nf4 32. b3 c5 33. Nc4+ Kf2 34. Rxf4 Rg1+ 35. Kb2 b5 36. Nd6 Be6 37. Nxb5 Ke3 38. Rf6 Bd7 39. Nd6 Rg2 40. Nc4+ Ke2 41. f4 Rxh2 42. f5 Kd1 43. Rf7 Bc6 44. Bxc6 d3 45. Be4 Rxc2+ 46. Ka3 d2 47. Bxc2+ Kc1 48. Ne3 1-0

[Event "Titled Tuesday intern op 16th Jan Early"]
[Site "Chess.com INT"]
[Date "2024.01.16"]
[Round "10"]
[White "Fernandez Guillen, Ernesto J"]
[Black "Cadavid, Juan Miguel"]
[Result "1/2-1/2"]
[WhiteElo "2465"]
[BlackElo "1931"]
[PlyCount "84"]
[EventDate "2024.01.16"]
[EventType "swiss (blitz)"]
[EventRounds "11"]
[EventCountry "USA"]
[SourceTitle "CB04_2024"]
[SourceDate "2023.10.16"]
[SourceVersion "1"]
[SourceVersionDate "2023.10.16"]
[SourceQuality "1"]

1. e4 c5 2. Nf3 d6 3. d4 Nf6 4. Nc3 cxd4 5. Nxd4 a6 6. Bc4 e5 7. Nde2 Be7 8. Bg5 Nbd7 9. Bb3 h6 10. Bxf6 Nxf6 11. f3 Be6 12. Qd3 0-0 13. 0-0 Rc8 14. Rfd1 Qc7 15. Kh1 Rfd8 16. Ng3 Bf8 17. Rd2 b5 18. Rad1 Qb6 19. Nd5 Bxd5 20. Bxd5 g6 21. Bb3 h5 22. Nf1 Bh6 23. Re2 a5 24. a3 a4 25. Ba2 b4 26. axb4 Qxb4 27. c3 Qc5 28. Ne3 a3 29. Nc4 axb2 30. Rxb2 d5 31. Nxe5 dxe4 32. Qxd8+ Rxd8 33. Rxd8+ Kg7 34. Rb7 Be3 35. Rxf7+ Kh6 36. h4 Ng8 37. Rxg8 Qxe5 38. Rff8 Qg3 39. Rh8+ Kg7 40. Rhg8+ Kh6 41. Rh8+ Kg7 42. Rhg8+ Kh6 1/2-1/2

[Event "Titled Tuesday intern op 16th Jan Early"]
[Site "Chess.com INT"]
[Date "2024.01.16"]
[Round "5"]
[White "Sharapov, Evgeny"]
[Black "Cadavid, Juan Miguel"]
[Result "1-0"]
[WhiteElo "2375"]
[BlackElo "1931"]
[PlyCount "69"]
[EventDate "2024.01.16"]
[EventType "swiss (blitz)"]
[EventRounds "11"]
[EventCountry "USA"]
[SourceTitle "CB04_2024"]
[SourceDate "2023.10.16"]
[SourceVersion "1"]
[SourceVersionDate "2023.10.16"]
[SourceQuality "1"]

1. e4 c5 2. Nf3 d6 3. d4 Nf6 4. Nc3 cxd4 5. Nxd4 a6 6. g3 e6 7. Bg2 Bd7 8. a4 Nc6 9. 0-0 Rc8 10. Nb3 Na5 11. Nxa5 Qxa5 12. Be3 Be7 13. Qd2 Qb4 14. a5 Qxb2 15. Bd4 e5 16. Rfb1 exd4 17. Rxb2 dxc3 18. Qc1 cxb2 19. Qxb2 Bc6 20. e5 dxe5 21. Bxc6+ Rxc6 22. Qxb7 Rd6 23. c4 Bd8 24. c5 Rd7 25. Qxa6 0-0 26. c6 Rc7 27. Qb5 Be7 28. a6 Ra8 29. Qb7 Rcc8 30. Qxe7 Rxc6 31. Qb7 Rcc8 32. a7 e4 33. Rb1 h5 34. Qxc8+ Rxc8 35. Rb8 1-0

[Event "Charlotte op"]
[Site "Charlotte"]
[Date "2023.01.14"]
[Round "2"]
[White "Zapata, Alonso"]
[Black "Cadavid, Juan Miguel"]
[Result "1-0"]
[WhiteElo "2339"]
[BlackElo "1929"]
[PlyCount "63"]
[EventDate "2023.01.14"]
[EventType "swiss"]
[EventRounds "6"]
[EventCountry "USA"]
[SourceTitle "CBM 212 Extra"]
[Source "ChessBase"]
[SourceDate "2023.03.31"]
[SourceVersion "1"]
[SourceVersionDate "2023.03.31"]
[SourceQuality "1"]

1. e4 c6 2. d4 d5 3. exd5 cxd5 4. Bd3 Nc6 5. c3 Nf6 6. Bf4 e6 7. Nf3 Bd6 8. Bxd6 Qxd6 9. 0-0 0-0 10. Qe2 b6 11. Nbd2 Bb7 12. Ne5 Ne7 13. Rae1 Rad8 14. f4 Qb8 15. g4 Qa8 16. g5 Ne4 17. Nxe4 dxe4 18. Bxe4 Nf5 19. Rf2 Bxe4 20. Qxe4 Rd5 21. Ng4 Nh4 22. Qd3 Rf5 23. Qg3 Ng6 24. h4 Qd5 25. h5 Nxf4 26. Rxf4 Rxg5 27. Re5 Qd8 28. Rxg5 Qxg5 29. Nf6+ gxf6 30. Rg4 h6 31. Rxg5+ hxg5 32. Qc7 1-0

[Event "COL-chT Blitz"]
[Site "Santa Marta"]
[Date "2022.11.07"]
[Round "3.2"]
[White "Mora Munoz, Alejandro"]
[Black "Cadavid, Juan Miguel"]
[Result "1-0"]
[WhiteElo "2000"]
[BlackElo "1822"]
[PlyCount "55"]
[EventDate "2022.11.07"]
[EventType "team-swiss"]
[EventRounds "9"]
[EventCountry "COL"]
[SourceTitle "CBM 211 Extra"]
[Source "ChessBase"]
[SourceDate "2023.01.31"]
[SourceVersion "1"]
[SourceVersionDate "2023.01.31"]
[SourceQuality "1"]
[WhiteTeam "Valle II"]
[BlackTeam "Risaralda II"]
[WhiteTeamCountry "COL"]
[BlackTeamCountry "COL"]

1. e4 c5 2. Nf3 e6 3. d4 cxd4 4. Nxd4 a6 5. c4 Nf6 6. Nc3 Bb4 7. Qd3 Nc6 8. Nc2 Bc5 9. Bf4 Nh5 10. Bd6 Bxd6 11. Qxd6 Qe7 12. Qd2 Nf6 13. Be2 0-0 14. 0-0 b6 15. Rad1 Qd8 16. f4 d5 17. cxd5 exd5 18. exd5 Nb8 19. Bf3 Bb7 20. Nb4 a5 21. Nc6 Qd7 22. Ne5 Qd8 23. Qd4 Nbd7 24. Nc6 Bxc6 25. dxc6 Nc5 26. Qxd8 Rfxd8 27. c7 Rdc8 28. Bxa8 1-0

[Event "Pereira Gildardo Garcia Memorial-B"]
[Site "Pereira"]
[Date "2022.05.20"]
[Round "5"]
[White "Cadavid, Juan Miguel"]
[Black "Ruiz Jaraba, Valentina Sofia"]
[Result "0-1"]
[WhiteElo "1992"]
[BlackElo "1850"]
[PlyCount "62"]
[EventDate "2022.05.18"]
[EventType "swiss"]
[EventRounds "9"]
[EventCountry "COL"]
[SourceTitle "CBM 208 Extra"]
[Source "ChessBase"]
[SourceDate "2022.07.31"]
[SourceVersion "1"]
[SourceVersionDate "2022.07.31"]
[SourceQuality "1"]

1. e4 c5 2. Nf3 a6 3. c4 Nc6 4. d4 cxd4 5. Nxd4 e5 6. Nf5 d5 7. cxd5 Bxf5 8. exf5 Nd4 9. Nc3 Nf6 10. Bg5 Be7 11. Bxf6 Bxf6 12. Bd3 g6 13. fxg6 hxg6 14. a4 Bg7 15. a5 f5 16. Qa4+ Kf7 17. Rd1 Qd6 18. h4 Rac8 19. Bb1 Bf6 20. g3 Kg7 21. Kf1 Rc7 22. Ba2 b5 23. axb6 Qxb6 24. d6 Qxd6 25. Nd5 Rb7 26. b4 Rb5 27. Nxf6 Kxf6 28. Bc4 Qc6 29. Rxd4 exd4 30. Kg1 Qxc4 31. Qxa6+ Kg7 0-1

[Event "COL-ch U2300"]
[Site "Pereira"]
[Date "2022.02.17"]
[Round "2"]
[White "Cadavid, Juan Miguel"]
[Black "Carrillo Parra, Miguel Alfredo"]
[Result "0-1"]
[WhiteElo "1993"]
[BlackElo "2157"]
[PlyCount "108"]
[EventDate "2022.02.16"]
[EventType "swiss"]
[EventRounds "9"]
[EventCountry "COL"]
[SourceTitle "CBM 207 Extra"]
[Source "ChessBase"]
[SourceDate "2022.05.31"]
[SourceVersion "1"]
[SourceVersionDate "2022.05.31"]
[SourceQuality "1"]

1. d4 d5 2. c4 e6 3. Nc3 c6 4. e4 dxe4 5. Nxe4 Bb4+ 6. Bd2 Qxd4 7. Bxb4 Qxe4+ 8. Ne2 Na6 9. Bf8 Ne7 10. Bxg7 Rg8 11. Qd4 Qxd4 12. Bxd4 c5 13. Bc3 Nb4 14. Bxb4 cxb4 15. Nd4 Bd7 16. a3 e5 17. Nb5 Bxb5 18. cxb5 0-0-0 19. g3 Kb8 20. Bc4 Nf5 21. Bxf7 Rgf8 22. Bh5 Nd4 23. 0-0 Nc2 24. Rad1 bxa3 25. bxa3 Nxa3 26. Be2 e4 27. Rxd8+ Rxd8 28. Rc1 Rd5 29. Bg4 b6 30. Rc8+ Kb7 31. Rh8 Nxb5 32. Rxh7+ Kc6 33. Re7 a5 34. Rxe4 Rd4 35. Re6+ Kc5 36. Bf3 Rd6 37. Re5+ Kb4 38. Re4+ Nd4 39. Bd1 a4 40. Bxa4 Kxa4 41. h4 b5 42. h5 b4 43. h6 Nf3+ 44. Kg2 Ng5 45. Rh4 Nh7 46. g4 Rd4 47. Kg3 b3 48. f4 Rd3+ 49. Kg2 Rd1 50. g5 b2 51. f5+ Ka5 52. g6 b1Q 53. gxh7 Rg1+ 54. Kf2 Qe1+ 0-1

[Event "COL Subzt 2.3.4"]
[Site "Risarald"]
[Date "2021.11.27"]
[Round "8"]
[White "Cadavid, Juan Miguel"]
[Black "Martinez Paipa, Hernan"]
[Result "1-0"]
[WhiteElo "2015"]
[BlackElo "1724"]
[PlyCount "83"]
[EventDate "2021.11.23"]
[EventType "swiss"]
[EventRounds "9"]
[EventCountry "COL"]
[SourceTitle "CBM 205 Extra"]
[Source "ChessBase"]
[SourceDate "2022.01.31"]
[SourceVersion "1"]
[SourceVersionDate "2022.01.31"]
[SourceQuality "1"]

1. e4 c6 2. d4 d5 3. Nc3 dxe4 4. Nxe4 Bf5 5. Ng3 Bg6 6. Bc4 Nd7 7. N1e2 Ngf6 8. 0-0 e6 9. f4 Be7 10. f5 exf5 11. Nxf5 0-0 12. Neg3 Nb6 13. Bd3 Nbd5 14. c4 Nc7 15. Bf4 Ne6 16. Be5 Nd7 17. Nxe7+ Qxe7 18. Nf5 Bxf5 19. Rxf5 g6 20. Qg4 Nxe5 21. Rxe5 Rad8 22. Bf5 Qd6 23. Bxe6 fxe6 24. Rd1 Rf6 25. c5 Qd7 26. h4 Rdf8 27. Rd2 Rf1+ 28. Kh2 R8f6 29. d5 cxd5 30. Rdxd5 Qc7 31. Rd6 R1f4 32. Qg5 Rf2 33. b4 Kg7 34. Qe3 R2f4 35. Rexe6 Rxh4+ 36. Kg3 Rxe6 37. Qxe6 Rxb4 38. Qe5+ Kh6 39. Rxg6+ hxg6 40. Qxc7 Rc4 41. Qxb7 Rxc5 42. Qxa7 1-0

[Event "COL Subzt 2.3.4"]
[Site "Risarald"]
[Date "2021.11.26"]
[Round "6"]
[White "Cadavid, Juan Miguel"]
[Black "Pardo, Alejandro"]
[Result "0-1"]
[WhiteElo "2015"]
[BlackElo "2148"]
[PlyCount "35"]
[EventDate "2021.11.23"]
[EventType "swiss"]
[EventRounds "9"]
[EventCountry "COL"]
[SourceTitle "CBM 205 Extra"]
[Source "ChessBase"]
[SourceDate "2022.01.31"]
[SourceVersion "1"]
[SourceVersionDate "2022.01.31"]
[SourceQuality "1"]

1. Nf3 Nf6 2. c4 c6 3. b3 d5 4. Bb2 Bg4 5. d4 e6 6. Nbd2 Bxf3 7. gxf3 Bd6 8. e4 Bf4 9. e5 Nh5 10. h4 0-0 11. Qc2 Nd7 12. Bd3 f5 13. Nf1 c5 14. cxd5 cxd4 15. Bxd4 Bxe5 16. dxe6 Bxd4 17. Rc1 Ne5 18. Be2 0-1

[Event "Pereira Risaraldense Cup-A"]
[Site "Pereira"]
[Date "2021.01.23"]
[Round "7"]
[White "Cadavid, Juan Miguel"]
[Black "Malka, Samuel"]
[Result "1/2-1/2"]
[WhiteElo "2008"]
[BlackElo "2225"]
[PlyCount "45"]
[EventDate "2021.01.20"]
[EventType "tourn"]
[EventRounds "9"]
[EventCountry "COL"]
[SourceTitle "CBM 200 Extra"]
[Source "ChessBase"]
[SourceDate "2021.03.31"]
[SourceVersion "1"]
[SourceVersionDate "2021.03.31"]
[SourceQuality "1"]

1. e4 c5 2. Nf3 d6 3. Bb5+ Bd7 4. Bxd7+ Qxd7 5. c4 Nf6 6. Nc3 g6 7. d4 cxd4 8. Nxd4 Bg7 9. f3 0-0 10. Be3 Nc6 11. 0-0 Rac8 12. Nxc6 bxc6 13. Qd2 Qb7 14. Rfd1 Nd7 15. Rac1 Rfd8 16. b3 Nb8 17. Na4 Na6 18. Qa5 Rd7 19. c5 d5 20. exd5 Nb4 21. dxc6 Nxc6 22. Rxd7 Qxd7 23. Qd2 1/2-1/2

[Event "Pereira Risaraldense Cup-A"]
[Site "Pereira"]
[Date "2021.01.20"]
[Round "1"]
[White "Quiros, Juan Pablo"]
[Black "Cadavid, Juan Miguel"]
[Result "1/2-1/2"]
[WhiteElo "2050"]
[BlackElo "2008"]
[PlyCount "35"]
[EventDate "2021.01.20"]
[EventType "tourn"]
[EventRounds "9"]
[EventCountry "COL"]
[SourceTitle "CBM 200 Extra"]
[Source "ChessBase"]
[SourceDate "2021.03.31"]
[SourceVersion "1"]
[SourceVersionDate "2021.03.31"]
[SourceQuality "1"]

1. d4 Nf6 2. Nf3 e6 3. Bf4 b6 4. e3 Bb7 5. Nbd2 Be7 6. h3 0-0 7. Be2 c5 8. 0-0 d6 9. a4 cxd4 10. exd4 Nc6 11. c3 Re8 12. Re1 Bf8 13. Bf1 Qc7 14. Bg3 Rad8 15. Nc4 Qc8 16. Qb3 Nb8 17. Ncd2 Nc6 18. Nc4 1/2-1/2

[Event "COL-ch U2300"]
[Site "Pereira"]
[Date "2019.03.24"]
[Round "6"]
[White "Silva, Jorge"]
[Black "Cadavid, Juan Miguel"]
[Result "1/2-1/2"]
[WhiteElo "2004"]
[BlackElo "2001"]
[PlyCount "88"]
[EventDate "2019.03.21"]
[EventType "swiss"]
[EventRounds "9"]
[EventCountry "COL"]
[SourceTitle "CBM 189 Extra"]
[Source "ChessBase"]
[SourceDate "2019.06.03"]
[SourceVersion "1"]
[SourceVersionDate "2019.06.03"]
[SourceQuality "1"]

1. e4 c5 2. Nf3 Nc6 3. d4 cxd4 4. Nxd4 Nf6 5. Nc3 e5 6. Ndb5 d6 7. Bg5 a6 8. Na3 b5 9. Nd5 Be7 10. Bxf6 Bxf6 11. c4 b4 12. Nc2 a5 13. g3 h5 14. h4 g6 15. Be2 Bg7 16. Qd3 0-0 17. 0-0-0 f5 18. Bf3 Ra7 19. c5 dxc5 20. Qc4 Be6 21. Qxc5 Qc8 22. Nb6 Qc7 23. Nd5 Qc8 24. Kb1 Nd4 25. Qxc8 Rxc8 26. Nxd4 exd4 27. Nf4 Kf7 28. Rhe1 Be5 29. Nxe6 Kxe6 30. exf5+ Kxf5 31. Be4+ Kf6 32. f4 Bb8 33. Rxd4 Re7 34. Rc1 Rxc1+ 35. Kxc1 Ba7 36. Rd6+ Re6 37. Rxe6+ Kxe6 38. Bxg6 Bf2 39. Bxh5 Bxg3 40. Bg4+ Kd6 41. h5 Bxf4+ 42. Kc2 a4 43. Kd3 Bc1 44. Kc2 Bg5 1/2-1/2